00666nam a2200193 a 4500008004100000020001500041050001900056100003600075245004200111260003900153300001100192350000900203500011500212650003900327650003700366650001300403650004100416700001500457120416s1977 ||||||||||||||||| || u a034017613x aHD 3616.G7 Gra aMarsh, David C. (David Charles)14aThe Confederation of British Industry aLondonbHodder and Stoughtonc1977 a226 p. a0.00 aImprint covered by label: New York, Holmes & Meier Publishers. -Includes bibliographical references and index. aCONFEDERATION OF BRITISH INDUSTRY  aINDUSTRIAL POLICY--GREAT BRITAIN aINDUSTRY aBUSINESS AND POLITICS--GREAT BRITAIN aGrant, Wyn